Modern plant taxonomy / (Record no. 51056)
[ view plain ]
| 000 -LEADER | |
|---|---|
| fixed length control field | 00540nam a2200217Ia 4500 |
| 003 - CONTROL NUMBER IDENTIFIER | |
| control field | OSt |
| 005 - DATE AND TIME OF LATEST TRANSACTION | |
| control field | 20230929104343.0 |
| 008 - FIXED-LENGTH DATA ELEMENTS--GENERAL INFORMATION | |
| fixed length control field | 210329s9999||||xx |||||||||||||| ||und|| |
| 040 ## - CATALOGING SOURCE | |
| Transcribing agency | STCPL |
| 041 ## - LANGUAGE CODE | |
| Language code of text/sound track or separate title | English |
| 082 ## - DEWEY DECIMAL CLASSIFICATION NUMBER | |
| Classification number | 580.12 |
| Item number | SUB-M |
| 100 ## - MAIN ENTRY--PERSONAL NAME | |
| Personal name | Subrahmanyam, N. S. |
| 245 #0 - TITLE STATEMENT | |
| Title | Modern plant taxonomy / |
| Statement of responsibility, etc. | by N. S. Subrahmanyam |
| 260 ## - PUBLICATION, DISTRIBUTION, ETC. | |
| Place of publication, distribution, etc. | New Delhi : |
| Name of publisher, distributor, etc. | Vikas Publishing House Pvt Ltd , |
| Date of publication, distribution, etc. | 2004 . |
| 300 ## - PHYSICAL DESCRIPTION | |
| Extent | 494 p. |
| Other physical details | Paper Back |
| 650 ## - SUBJECT ADDED ENTRY--TOPICAL TERM | |
| Topical term or geographic name entry element | Taxonomy |
| 650 ## - SUBJECT ADDED ENTRY--TOPICAL TERM | |
| Topical term or geographic name entry element | Morphology |
| 650 ## - SUBJECT ADDED ENTRY--TOPICAL TERM | |
| Topical term or geographic name entry element | Anglosperms |
| 942 ## - ADDED ENTRY ELEMENTS (KOHA) | |
| Koha item type | Books |
| 942 ## - ADDED ENTRY ELEMENTS (KOHA) | |
| Source of classification or shelving scheme | Dewey Decimal Classification |
| Withdrawn status | Lost status | Source of classification or shelving scheme | Damaged status | Collection code | Not for loan | Home library | Current library | Shelving location | Date acquired | Cost, normal purchase price | Total Checkouts | Full call number | Barcode | Date last seen | Price effective from | Koha item type | Total Renewals | Date last checked out |
|---|---|---|---|---|---|---|---|---|---|---|---|---|---|---|---|---|---|---|
| Dewey Decimal Classification | Botany | ST. THOMAS COLLEGE LIBRARY, PALAI | ST. THOMAS COLLEGE LIBRARY, PALAI | Life Sciences | 2021-07-10 | 150.00 | 580.12 SUB-M | 58110 | 2021-07-10 | 2021-07-10 | Books | |||||||
| Dewey Decimal Classification | Botany | ST. THOMAS COLLEGE LIBRARY, PALAI | ST. THOMAS COLLEGE LIBRARY, PALAI | Life Sciences | 2021-07-10 | 250.00 | 2 | 580.12 SUB-M | 66492 | 2022-06-28 | 2021-07-10 | Books | 1 | 2022-06-07 | ||||
| Dewey Decimal Classification | Botany | ST. THOMAS COLLEGE LIBRARY, PALAI | ST. THOMAS COLLEGE LIBRARY, PALAI | Life Sciences | 2021-07-10 | 250.00 | 1 | 580.12 SUB-M | 66537 | 2022-05-28 | 2021-07-10 | Books | 1 | 2022-03-18 | ||||
| Dewey Decimal Classification | Botany | ST. THOMAS COLLEGE LIBRARY, PALAI | ST. THOMAS COLLEGE LIBRARY, PALAI | Life Sciences | 2021-07-10 | 495.00 | 580.12 SUB-M | 78547 | 2021-07-10 | 2021-07-10 | Books |
